00470cam a22001692 4500001001100000005001700011008004100028020001700069040001500086245005400101250001300155260002600168300001700194650005100211700003500262852000300297000002052320151217152216.0110921s xx 000 0 eng d a0853697473 : aKABUcKABU10aPharmacy practice /cBen J. Whalley ...[et al.].. a1st ed. aLondon :bPhP,c2008. axii, 212 p. 0aPharmacyxPracticezGreat Britain.@00001808651 aCurtis, Stephen J.@00001808661